|
|
|
|
| LEADER |
01598nam a2200289 a 4500 |
| 008 |
100215s2009 bg a 000 0 eng d |
| 020 |
|
|
|a 9780070669284
|
| 020 |
|
|
|a 0070669287
|
| 040 |
|
|
|a BD-DhAA
|c BD-DhAA
|d BD-DhAA
|
| 082 |
|
|
|a 621.31913
|2 22
|
| 100 |
1 |
|
|a Naidu,M S
|
| 245 |
0 |
0 |
|a High voltage engineering /
|c M S Naidu and V Kamaraju.
|
| 250 |
|
|
|a 4th ed.
|
| 260 |
|
|
|a New Delhi :
|b Tata Mc-Grow Hill,
|c 2009
|
| 300 |
|
|
|a 474 p. :
|b ill. ;
|c 23 cm.
|
| 504 |
|
|
|a Includes bibliographical references and index.
|
| 541 |
1 |
|
|e 00019787
|
| 651 |
|
0 |
|a Electric Engineering
|
| 650 |
|
0 |
|a Technology & Engineering
|x Electrical.
|
| 700 |
1 |
|
|a Kamaraju,V.
|
| 852 |
4 |
|
|a Ayesha Abed Library
|j General shelf
|
| 999 |
|
|
|c 7531
|d 7531
|
| 952 |
|
|
|0 0
|1 0
|2 ddc
|4 0
|6 621_319130000000000_NAI_2009
|7 0
|9 8146
|a BRACUL
|b BRACUL
|c GEN
|d 2010-02-15
|l 3
|m 21
|o 621.31913 NAI
|p 3010019787
|r 2025-07-30
|s 2025-07-16
|t 1
|w 2010-02-15
|y BK
|
| 952 |
|
|
|0 0
|1 0
|2 ddc
|4 0
|6 621_319130000000000_NAI_2009
|7 0
|9 8147
|a BRACUL
|b BRACUL
|c GEN
|d 2010-02-15
|l 3
|m 21
|o 621.31913 NAI
|p 3010019788
|r 2025-09-09
|s 2025-07-16
|t 2
|w 2010-02-15
|y BK
|
| 952 |
|
|
|0 0
|1 0
|2 ddc
|4 0
|6 621_319130000000000_NAI_2009
|7 0
|9 8148
|a BRACUL
|b BRACUL
|c GEN
|d 2010-02-15
|l 3
|m 37
|o 621.31913 NAI
|p 3010019789
|r 2025-09-08
|s 2025-07-16
|t 3
|w 2010-02-15
|y BK
|
| 952 |
|
|
|0 0
|1 0
|2 ddc
|4 0
|6 621_319130000000000_NAI_2009
|7 0
|9 8149
|a BRACUL
|b BRACUL
|c GEN
|d 2010-02-15
|l 2
|m 23
|o 621.31913 NAI
|p 3010019790
|r 2025-09-08
|s 2025-07-16
|t 4
|w 2010-02-15
|y BK
|
| 952 |
|
|
|0 0
|1 0
|2 ddc
|4 0
|6 621_319130000000000_NAI_2009
|7 0
|9 8150
|a BRACUL
|b BRACUL
|c GEN
|d 2010-02-15
|l 3
|m 23
|o 621.31913 NAI
|p 3010019791
|r 2025-09-11
|s 2025-08-11
|t 5
|w 2010-02-15
|y BK
|